Регионална библиотека "Любен Каравелов" - Русе

Мадона като икона (Запис номер 80382)

MARC детайли
000 -Лидер
Контролно поле с фиксирана дължина 01887nam a2200397 c 4500
003 - Код на организацията, давaща контролен номер
Контролно поле BLK
005 - Дата и час на последна редакция
Контролно поле 20241217005411.0
008 - Елементи от данни с фиксирана дължина
fixed length control field 180408b bul|||||r ||||||| ||bul||
010 ## - Наследен системен номер
LC control number KNG00084867000
020 ## - Международен стандартен номер на книга ISBN
Международен стандартен номер на книга ISBN 978-954-28-0293-8
-- издат.: Сиела Софт енд Паблишинг
040 ## - Източник на каталожния запис
Идентификатор на билиотеката - собственик на записа BLK
041 ## - Код за език
Код за езика на текст/звукозапис или на отделно заглавие Български
Код за езика КДБФ Български
080 ## - УДК
Текстов определител УДК Американска литература (на САЩ)
УДК код - определител по УДК 821.111(73)
УДК определител -312.6
УДК - код + определител 821.111(73)-312.6
080 ## - УДК
Текстов определител УДК Други видове песни. Изпълнители
УДК код - определител по УДК 784.7.071.2
УДК определител (73)(092)
УДК - код + определител 784.7.071.2(73)(092)
080 ## - УДК
Текстов определител УДК Чиконе, Мадона Луиз Вероника. Американска поппевица
УДК код - определител по УДК 929 Мадона
УДК определител
УДК - код + определител 929 Мадона
100 1# - Редна дума - Автор
Автор О'Брайън, Люси
Авторска отговорност първи автор
R(LIN) 299636
139 ## - Редно поле
Редна дума О'Брайън, Люси
Авторски знак Мад - М 14
245 10 - Сведения за заглавието
Заглавие Мадона като икона
Редно поле (дума) Люси О'Брайън; прев. от англ. Емилия Станимирова Карастойчева.
257 ## - Страна на издаване
Страна на създаване/издаване Съединени американски щати
260 ## - Област на издателските данни
-- София
Име на издателя, разпространителя и проч. Сиела Софт енд Паблишинг
Година на издаване 2008
300 ## - Физическа характеристика
Страници 336 с., 16 л.
Илюстрации и др. със сн.
Размери/Мащаб 23 см
380 ## - Жанр
Жанр Худож. лит.
500 ## - Общи забележки
Забележка Ориг. загл. Madonna : Like an Icon / Lucy O'Brien
600 14 - Име на лице, използвано като предмет
За него / За нея Мадона
9 (RLIN) 298418
650 #4 - Допълнително описание по предмет – тема
Основно описание – тема или топоним Певци
9 (RLIN) 165915
650 #4 - Допълнително описание по предмет – тема
Основно описание – тема или топоним Попмузика, американска
9 (RLIN) 265310
653 ## - Ключова дума – ненормативна
Ключова дума попмузика
653 ## - Ключова дума – ненормативна
Ключова дума Мадона
700 1# - Други автори (авторска отговорност)
Лично име Карастойчева, Емилия Станимирова
Дати, свързани с автора 1971 -
Друга информация Индолог. Преводач от английски език
Пълна форма на името Ничева-Карастойчева, Емилия Станимирова
9 (RLIN) 76920
852 ## - Местоположение
Форматна сигнатура Цб 240763
856 4# - Електронен адрес и достъп
Електронен формат pdf - файл
Път до файла /url/
856 4# - Електронен адрес и достъп
Електронен формат pdf - файл
Път до файла /url/
942 ## - АРТИКУЛИ
Вид на библиотечния материал Книги
Скрит в OPAC Не
Koha issues (borrowed), all copies 3
944 ## - СЪЗДАВАНЕ И РЕДАКЦИЯ на ЗАПИСА
Създаване/Редакция Създаване
Дата на регистрацията/редакция 18.08.2008
Служител, извършил регистрацията/редакцията
Статус, дата на статуса CRON CRON
944 ## - СЪЗДАВАНЕ И РЕДАКЦИЯ на ЗАПИСА
Създаване/Редакция Редакция
Дата на регистрацията/редакция 15.07.2009
Служител, извършил регистрацията/редакцията
999 ## - СИСТЕМНИ КОНТРОЛНИ НОМЕРА
Koha biblionumber 80382
Koha biblioitemnumber 80382
Наличности
Код за отписване Код за изгубен артикул Източник на класификационната схема Код за повреда Коз за рестрикции Код за отдаване Артикулен № Име на библиотеката - собственик Име на библиотеката, в която се намира в момента Статус (Текущо местоположение) Дата на вписване в системата Местоположение - отдел Цена в лева Инвентарен номер Систематично азбучна сигнатура Баркод Номер на екземпляра Цена в евро Служебна бележка Служебен тип на артикула
  Не е изгубен Universal Decimal Classification Не е повреден без рестрикции заемане за дома 130281 Регионална библиотека "Любен Каравелов" Русе Регионална библиотека "Любен Каравелов" Русе Заемна - подръчен фонд 2008-08-15 Заемна - подръчен фонд 18.00 120000728002 П 821-9/М 14 120000728002 1 9.20 Дост: Pk Вид: Ф N: 6890 Дата: 07.08.2008 Дата инв: 15.02.2018 Бележки инв: П2018 Книги
Изтеглен Не е изгубен   Не е повреден без рестрикции заемане за дома 130282 Регионална библиотека "Любен Каравелов" Русе Регионална библиотека "Любен Каравелов" Русе Заемна - подръчен фонд 2008-09-09 Заемна - подръчен фонд 18.00 120000728888 П 820(73)-31/М 14 120000728888 2 9.20 Дост: Pk Вид: Ф N: 7482 Дата: 01.09.2008 Дата инв: 15.02.2018 Бележки инв: П2018 Книги
  Не е изгубен   Не е повреден без рестрикции ползва се в читалня 130283 Регионална библиотека "Любен Каравелов" Русе Регионална библиотека "Любен Каравелов" Русе Хранилище 2009-07-16 Хранилище 18.00 120000737075 Цб 240763 120000737075 3 9.20 Дост: Dp Вид: Д N: 8 Дата: 11.02.2009 Книги
Vip Innovations Ltd, Rousse, Bulgaria 2025